Well Being/ (Record no. 174539)

MARC details
000 -LEADER
fixed length control field 00540nam a22001817a 4500
005 - DATE AND TIME OF LATEST TRANSACTION
control field 20200622142939.0
010 ## - LCCN (DPL NO)
LC control number ENG-128219
020 ## - INTERNATIONAL STANDARD BOOK NUMBER
Terms of availability 525.00
International Standard Book Number 9789380318363
035 ## - SYSTEM CONTROL NUMBER
System control number EN-111751
037 ## - SOURCE OF ACQUISITION
Source of stock number/acquisition DBAD/PUB
082 ## - DEWEY DECIMAL CLASSIFICATION NUMBER
Classification number 305.80095452
100 ## - MAIN ENTRY--PERSONAL NAME
Personal name Zinta,R.L
245 ## - TITLE STATEMENT
Title Well Being/
Statement of responsibility, etc by R.L.Zinta, Sundar Kala Naegi
260 ## - PUBLICATION, DISTRIBUTION, ETC. (IMPRINT)
Place of publication, distribution, etc Delhi
Name of publisher, distributor, etc Neha publishers
Date of publication, distribution, etc 2017
270 ## - ADDRESS
Address 4832/24,Prahlad Lane,S-207 Ansari Road Daryaganj
City Delhi
Postal code 1110002
300 ## - PHYSICAL DESCRIPTION
Extent vii;174p.
Dimensions 23cm(hb)
942 ## - ADDED ENTRY ELEMENTS (KOHA)
Source of classification or shelving scheme Dewey Decimal Classification
Item type English Books
Classification part 305.80095452
Holdings
Withdrawn status Lost status Not for loan Collection code Home library Current library Date acquired Source of acquisition Cost, normal purchase price Full call number Barcode Copy number Cost, replacement price Koha item type
      Non-fiction Ashok Vihar Ashok Vihar 22/06/2020 DBAD/PUB 585.00 305.80095452 EN-111751 1 585.00 English Books

© Delhi Public Library
Hit Counter
free hit counter